[Event "Guimaraes Open 2019"]
[Site "Guimaraes"]
[Date "2019.08.31"]
[Round "6.5"]
[White "Schou, Bjorn A"]
[Black "Garcia Moreno, Carlos"]
[Result "1-0"]
[WhiteElo "1257"]
[BlackElo "2292"]
[Annotator "TA"]
[PlyCount "57"]
[EventDate "2019.08.28"]
[EventType "swiss"]
[EventCountry "POR"]
[SourceTitle "playchess.com"]
[Source "ChessBase"]
[SourceQuality "1"]

{[%evp 20,57,15,12,76,60,63,58,83,62,58,69,91,83,85,75,81,81,91,87,80,70,66,60,60,63,88,69,68,67,88,83,158,160,151,149,368,363,352,347]} 1. d4 Nf6 2. c4 e6 3. g3 d5 4. Bg2 dxc4 5. Nf3 Nc6 6. Qa4 Bb4+ 7. Bd2 Nd5 8. Bxb4 Ndxb4 9. O-O Rb8 10. Nc3 a6 11. Ne5 Qxd4 {E04: Open Catalan: 5 Nf3} (11... O-O $11 {remains equal.}) (11... O-O 12. Nxc6 Nxc6 13. Bxc6 bxc6 14. Qxc4 Qd6 15. b3 Rb4 16. Ne4 Qxd4 17. Qxd4 Rxd4 18. f3 e5 19. Kf2 {½-½ (39) Bluebaum,M (2642)-Lupulescu,C (2609) Germany 2016}) 12. Nxc6 $16 Nxc6 13. Bxc6+ bxc6 {White is slightly better.} 14. Qxc6+ Qd7 15. Qxc4 Bb7 16. Rac1 Qc6 17. Qxc6+ Bxc6 18. Rc2 $146 ({Predecessor:} 18. b3 Kd7 19. Nb1 Rb6 20. Rc5 Bb5 21. Rc2 Rc8 22. a4 Bc6 23. Rd1+ Ke8 24. a5 {1-0 (24) Kopylov,M (2323)-Sawlin,L (2264) Hamburg 2016}) 18... Kd7 19. Rd1+ Kc8 20. Rdc1 Rb7 $1 21. f3 Rd8 22. Kf2 Rd4 23. Nd1 Bb5 24. Ke3 Rb4 25. Rc3 a5 ({Black should try} 25... Be8) 26. a3 Ra4 27. Rc5 {[#] Black must now prevent Nc3.} Bd7 $2 (27... Kb8 $16 {might work better.} 28. Re5 h6) 28. Nc3 $18 Rb3 29. Kd3 {Accuracy: White = 84%, Black = 29%.} 1-0

[Event "Guimaraes Open 2019"]
[Site "Guimaraes"]
[Date "2019.08.31"]
[Round "6.6"]
[White "Garcia Romero, Benjamin Abel"]
[Black "Espineira Gonzalez, Diego"]
[Result "1/2-1/2"]
[WhiteElo "2164"]
[BlackElo "2362"]
[Annotator "TA"]
[PlyCount "80"]
[EventDate "2019.08.28"]
[EventType "swiss"]
[EventCountry "POR"]
[SourceTitle "playchess.com"]
[Source "ChessBase"]
[SourceQuality "1"]

{[%evp 20,80,0,0,0,0,-12,-38,-33,-28,-41,-45,-61,-58,-44,-36,-27,-22,-25,-34,-20,-63,-53,-108,-121,-99,-29,-25,-18,-17,-12,-13,17,10,50,20,27,0,46,8,12,8,40,22,48,44,108,38,44,42,35,27,315,53,54,54,56,0,0,0,0,0,0]} 1. Nf3 e6 2. c4 Nf6 3. g3 Be7 4. Bg2 O-O 5. d4 d5 6. O-O dxc4 7. Qc2 a6 8. Qxc4 b5 9. Qc2 Bb7 10. Bd2 Be4 11. Qc1 c6 {E05: Open Catalan: 5 Nf3 Be7} 12. Be3 (12. Rd1 Nbd7 13. Nc3 Bg6 14. a3 Rc8 15. b4 Nd5 16. Be1 Qc7 17. e3 h6 18. Qb2 N5b6 19. Qe2 {½-½ (31) Yu,Y (2751)-Giri,A (2797) Shenzhen 2019}) 12... Nbd7 13. Nbd2 Bd5 {Black is slightly better.} 14. Qc2 Rc8 15. Nb3 Ng4 $146 ({Predecessor:} 15... Be4 16. Qc1 Nd5 17. Ne1 Bg6 18. Bd2 c5 19. Ba5 {0-1 (42) Cristian,C (1688)-Patrascu,C (2227) Mamaia 2017}) 16. Bd2 c5 17. Ba5 Qe8 18. dxc5 Nxc5 19. Nxc5 Bxc5 20. Qd2 Qe7 21. Qg5 (21. a3 $15) 21... Qxg5 $17 22. Nxg5 {[#]} Bxg2 (22... Ne3 $1 $17 {[%mdl 512]} 23. Bxd5 (23. fxe3 Bxe3+) 23... exd5 24. Nxh7 Kxh7 25. fxe3 Bxe3+ 26. Kg2 Rc2) 23. Kxg2 $11 Be7 24. Nf3 Bf6 25. h3 Nh6 26. a4 Rc2 27. axb5 axb5 28. g4 g5 29. Bc3 Bxc3 30. bxc3 Rxe2 31. Ra5 Rb2 32. Nxg5 Rc8 ({Better is} 32... f5 $14) 33. Ne4 (33. Ra7 $16) 33... Kg7 34. Rd1 Rc4 35. Kf3 f5 $2 {[%mdl 8192]} (35... Kg6 $11) 36. gxf5 $2 ({Only move:} 36. Ra7+ $18 Kg6 37. gxf5+ Nxf5 38. Rg1+ Kh6 39. Rg4) 36... Nxf5 $14 37. Rg1+ Kh6 {[#]} 38. Rg4 (38. Ra6 $1 $14 {[%mdl 512]} Nh4+ 39. Ke3 Nf5+ 40. Kd3) 38... Ra4 $11 {The position is equal.} 39. Rxa4 bxa4 40. Nf6 a3 {Accuracy: White = 37%, Black = 46%.} 1/2-1/2

[Event "Guimaraes Open 2019"]
[Site "Guimaraes"]
[Date "2019.08.31"]
[Round "6.7"]
[White "Veiga, Jose Francisco R P N"]
[Black "Fidalgo, Andre Neves"]
[Result "1-0"]
[WhiteElo "2346"]
[BlackElo "2261"]
[Annotator "TA"]
[PlyCount "89"]
[EventDate "2019.08.28"]
[EventType "swiss"]
[EventCountry "POR"]
[SourceTitle "playchess.com"]
[Source "ChessBase"]
[SourceQuality "1"]

{[%evp 23,88,31,43,33,34,-13,-12,-27,-27,-25,-30,-14,-23,-24,-20,-25,-9,-4,0,0,0,0,27,17,20,31,15,12,15,9,75,0,79,0,26,0,0,0,0,-26,0,0,0,0,0,0,0,0,0,-30,-45,-42,-29,-33,0,0,10,0,322,315,941,936,29994,29995,29995,29996,29999]} 1. e4 c5 2. Nf3 Nc6 3. d4 cxd4 4. Nxd4 g6 5. c4 Nf6 6. Nc3 d6 7. Be2 Nxd4 8. Qxd4 Bg7 9. Be3 O-O 10. Qd2 a5 11. O-O a4 12. f3 Be6 ({Predecessor:} 12... Qa5 13. Rab1 {½-½ (57) Uebele,P (2127)-Koepke,C (2381) Munich 2010}) 13. Rab1 $146 {B36: Sicilian: Maroczy Bind: Gurgenidze System} (13. Nb5 Nd7 14. Rab1 Qa5 15. Qxa5 Rxa5 16. Nc7 Nc5 17. Rfc1 Rc8 18. Bd2 Ra7 19. Nxe6 Nxe6 20. Kf1 Nc5 {½-½ (78) Yu,Y (2751)-Mamedov,R (2709) Huaian 2017}) 13... Qa5 14. Nd5 Qxd2 15. Nxe7+ {The position is equal.} Kh8 16. Bxd2 Rfe8 17. Nd5 Nxd5 18. cxd5 Bxd5 19. b3 $1 axb3 20. axb3 f5 21. Bb5 $36 {[%mdl 2048] White is more active.} Bd4+ 22. Kh1 fxe4 23. Bxe8 {Threatens to win with Ba4.} exf3 24. gxf3 Rxe8 25. Bh6 {aiming for Rbd1.} Be5 26. Bc1 Bc3 (26... Kg8 $11) 27. Kg2 ({Better is} 27. Bb2 $16 Bxb2 28. Rxb2) 27... Bb4 {[#]} (27... Re2+ $11 {remains equal.} 28. Rf2 Re1) 28. Rd1 (28. Bd2 $1 $16 {[%mdl 512]} Bc5 (28... Bxd2 29. Rbd1) 29. Rbe1) 28... Bc6 29. Kg3 Re2 30. Rb2 Be1+ 31. Kf4 (31. Kg4 $5 {[%cal Rb2e2]} Bd7+ 32. Kf4 $11) 31... Re5 32. Rxd6 Rf5+ 33. Ke3 Bb4 34. Rd8+ Kg7 35. f4 Rh5 36. Bd2 Rh3+ 37. Kf2 Be7 ({Don't play} 37... Rxh2+ $6 38. Kg3 $14) 38. Rc8 Rxh2+ 39. Kg3 Rg2+ 40. Kh3 {Black must now prevent Rxc6!} Bf6 $2 {[%mdl 8192] [#]} (40... Rg1 $11 {and Black has nothing to worry.} 41. Bc3+ Kh6) 41. Rc7+ $1 $18 Kh6 $2 {[#]} (41... Kg8) 42. Bb4 $1 {[%cal Rb4f8][%mdl 512] White threatens Bf8+ and mate.} Bxb2 43. Bf8+ {White mates.} Bg7 44. Rxg7 g5 45. Rxg5# {Accuracy: White = 56%, Black = 49%.} 1-0

[Event "Guimaraes Open 2019"]
[Site "Guimaraes"]
[Date "2019.08.31"]
[Round "6.8"]
[White "Fernandes, Joao Pedro Murtinho"]
[Black "Ruperez Benito, Antonio"]
[Result "0-1"]
[WhiteElo "2044"]
[BlackElo "2331"]
[Annotator "TA"]
[PlyCount "80"]
[EventDate "2019.08.28"]
[EventType "swiss"]
[EventCountry "POR"]
[SourceTitle "playchess.com"]
[Source "ChessBase"]
[SourceQuality "1"]

{[%evp 12,90,35,13,41,39,47,41,40,48,62,42,56,61,51,40,87,9,11,12,11,0,13,16,38,34,39,30,45,0,23,19,43,34,88,100,50,0,0,0,0,0,0,0,0,-148,-148,-142,-149,-141,-150,-141,-134,-134,-134,-151,-124,-187,-160,-170,-191,-240,-249,-370,-363,-405,-407,-364,-353,-404,-389,-363,-352,-322,-306,-423,-431,-350,-320,-804,-795]} 1. e4 e6 2. d4 d5 3. Nc3 Bb4 4. exd5 exd5 5. Bd3 Nc6 6. a3 Be7 7. Bf4 Be6 {C01: French: Exchange Variation} 8. Nf3 Nf6 9. h3 Bd6 {White is slightly better.} 10. Qd2 Nh5 11. Bg5 $146 ({Predecessor:} 11. Be5 a6 12. Ne2 h6 13. O-O Qd7 14. b4 Bxe5 15. Nxe5 Nxe5 16. dxe5 {1-0 (51) Braga,F (2455)-Zlochevskij,A (2450) Pizzo Barcellona 1993}) 11... f6 12. Be3 g5 13. O-O-O Nf4 14. h4 (14. Bf1 $16) 14... Nxd3+ $11 15. Qxd3 {[%cal Rh4g5]} g4 16. Nd2 a6 17. Nb3 b6 18. Bh6 {[#] aiming for Rhe1.} Qd7 19. Rde1 Kf7 20. Re2 Bf5 21. Qd2 a5 22. Nxd5 a4 ({Black should play} 22... Rhe8 $14) 23. Nxf6 $1 $16 Qd8 24. d5 (24. Nxg4 $5 Bxg4 25. f3 $11) 24... axb3 25. dxc6 Qxf6 (25... Rxa3 $5 26. Qd5+ $8 Kg6 $18) 26. Bg5 {[#]} Rxa3 $1 {[%cal Ra3a1][%mdl 512]} 27. Qd5+ {[%mdl 64] Double Attack} (27. bxa3 Qa1#) 27... Be6 {Hoping for ...Ra1+.} 28. Rxe6 (28. Qxd6 $1 $11 {was the only way to keep the balance.} Qxb2+ 29. Kxb2 Ra2+ 30. Kc3 cxd6 31. Rd1) 28... Qxe6 $40 {[%mdl 128] Black is out for blood.} 29. Qxe6+ Kxe6 30. bxa3 Bxa3+ $11 {[%mdl 4096] Endgame KRB-KRB} 31. Kb1 bxc2+ 32. Kxc2 Rf8 33. Be3 Kd6 34. Rd1+ (34. Ra1 $17 Bc5 35. Kd2) 34... Kxc6 $19 35. Rd4 h5 36. Re4 Rf5 37. g3 (37. Rc4+ $142 Kd7 38. Kd3) 37... Bc5 38. Kd3 Bxe3 39. fxe3 {KR-KR} b5 40. Re8 Kc5 {Played: Rf5-f3} 0-1

[Event "Guimaraes Open 2019"]
[Site "Guimaraes"]
[Date "2019.08.31"]
[Round "6.9"]
[White "Sanchez Aller, Fernando"]
[Black "Pintor, Simao Maciel Abranch"]
[Result "1-0"]
[WhiteElo "2331"]
[BlackElo "2076"]
[Annotator "TA"]
[PlyCount "105"]
[EventDate "2019.08.28"]
[EventType "swiss"]
[EventCountry "POR"]
[SourceTitle "playchess.com"]
[Source "ChessBase"]
[SourceQuality "1"]

{[%evp 14,105,14,12,35,20,20,15,37,17,20,17,4,29,70,81,72,82,90,32,27,19,28,21,31,-9,-11,-7,76,58,194,220,220,212,191,203,213,217,217,216,310,214,201,125,202,209,211,201,1095,1094,1202,1202,1947,752,715,714,673,654,595,267,387,248,233,236,234,183,1202,1123,889,798,5097,3750,4132,3879,2276,2276,2276,2276,5106,4132,11964,11964,29967,29965,29968,29974,29976,29977,29985,29986,29986,29987,29993,29994]} 1. e4 c5 2. Nf3 g6 3. d4 cxd4 4. Nxd4 Nc6 5. Nc3 Bg7 6. Be3 Nf6 7. Bc4 O-O 8. Bb3 Re8 {B35: Sicilian: Accelerated Dragon with 5 Nc3: main line} 9. f3 e6 10. f4 Ng4 {The position is equal.} 11. Qxg4 {And now 0-0-0 would win.} Nxd4 12. O-O-O Nxb3+ 13. axb3 d5 14. e5 Bd7 {[#]} 15. h4 $1 h5 $146 {[#]} ({Predecessor:} 15... Qa5 16. h5 {1-0 (30) Saric,I (2660)-Horvath,A (2498) Biel 2016}) 16. Qe2 (16. Qf3 $1 $16) 16... f5 $1 $14 17. exf6 Qxf6 18. Kb1 e5 19. Nxd5 Qf7 20. Nc7 {Qf2 is the strong threat.} exf4 (20... Bg4 $11 21. Qc4 Qxc4 22. bxc4 Bxd1 23. Nxe8 exf4 24. Nxg7 fxe3 25. Rxd1 Kxg7) 21. Nxe8 $16 fxe3 ({Black should try} 21... Rxe8 $14 22. Qc4 Qxc4 23. bxc4 Bg4 24. Bxf4 (24. Bxa7 Bxd1 25. Rxd1 Bf6 $14) 24... Bxd1 25. Rxd1 Bf6) 22. Nxg7 $18 Bg4 23. Qxe3 Bxd1 24. Rxd1 Kxg7 {[%mdl 4096] Endgame KQR-KQR} 25. g4 hxg4 26. Qd4+ Kh7 (26... Qf6 {might work better.} 27. Qxg4 Rd8) 27. Qxg4 Re8 28. Qg1 Re4 (28... b6 $16 29. Rf1 Qg7) 29. Qxa7 Rxh4 30. Qb8 {aiming for Qd8.} g5 $2 (30... Rh5 31. Qd8 Kh6) 31. Qd8 Kg6 32. Rd6+ Kh5 33. Qh8+ (33. Rf6 $142 Rh1+ 34. Ka2) 33... Kg4 34. Qd4+ Qf4 35. Qd1+ Kf5 36. Rd8 (36. Qd3+ $142 Qe4 37. Qc3 Qh1+ 38. Ka2) 36... Qe4 (36... Qe3 $142 37. Qf1+ Kg6 38. Rd6+ Kh5 39. Qf7+ Kg4) 37. Rf8+ Kg6 {With the idea ...Rh1.} 38. Rg8+ Kh6 39. Qd8 Qf4 $2 (39... Qe3 40. Rh8+ Kg6 41. Qd6+ Kg7) 40. Rh8+ Kg6 41. Qe8+ Kf5 42. Rf8+ Kg4 43. Qd7+ Kg3 44. Rxf4 gxf4 {KQ-KR} 45. Kc1 f3 46. Kd2 Rh2+ 47. Kd3 Re2 48. Qxb7 {White mates.} Re1 49. Qg7+ Kf2 50. Qh6 Re2 51. Qh2+ Kf1 52. Qg3 f2 {[#]} 53. Qf3 $1 {Accuracy: White = 61%, Black = 39%.} 1-0

[Event "Guimaraes Open 2019"]
[Site "Guimaraes"]
[Date "2019.08.31"]
[Round "6.10"]
[White "Nieves Cabanes, Jose Manuel"]
[Black "Martins, Diogo Faria Oliveira"]
[Result "1/2-1/2"]
[WhiteElo "2311"]
[BlackElo "1984"]
[Annotator "TA"]
[PlyCount "116"]
[EventDate "2019.08.28"]
[EventType "swiss"]
[EventCountry "POR"]
[SourceTitle "playchess.com"]
[Source "ChessBase"]
[SourceQuality "1"]

{[%evp 18,116,-5,-11,-14,-8,-9,-13,27,18,37,46,54,0,11,-3,0,-41,-37,-18,-7,-41,-43,-45,-27,-42,-20,-25,0,-81,-8,-8,0,0,0,0,0,0,0,0,0,0,18,8,62,62,62,45,60,62,55,60,62,23,43,-313,0,0,0,0,0,-304,-134,-473,-470,-436,-37,-31,0,0,0,0,0,0,0,0,0,0,0,0,0,0,0,0,0,0,0,0,0,0,0,0,0,0,0,0,0,0,0,0,0]} 1. Nf3 g6 2. d4 Nf6 3. g3 Bg7 4. Bg2 c5 5. O-O cxd4 6. Nxd4 O-O 7. e4 Nc6 8. c4 Nxd4 9. Qxd4 d6 10. Nc3 Be6 {And now ...Nd5 would win. A39: Symmetrical English vs ...g6: 4 Bg2 Bg7 5 Nf3 Nf6 6 0-0 0-0 7 d4} (10... a6 11. Qd3 Rb8 12. h3 Qc7 13. Be3 Bd7 {½-½ (13) Moroz,R (2375)-Pilavov,G (2609) Gorodovikovsk 2016}) 11. Qd3 $1 Rc8 12. Nd5 Bxd5 13. cxd5 Nd7 $146 ({Predecessor:} 13... a6 14. Bd2 Nd7 15. Rab1 b5 16. Rfc1 Rxc1+ 17. Bxc1 Qa5 18. a3 {0-1 (28) Fernandez Molina,V (1913)-Abreu Suarez,I (2068) El Sauzal 2010}) 14. Bh3 Rc7 15. Qa3 (15. Rb1 $14) 15... Ne5 16. Qxa7 Nc4 17. f3 Nxb2 18. Rb1 b5 19. Qe3 Rc3 20. Qe2 Qb6+ 21. Kh1 Nc4 22. Rb3 Ra8 23. Bg5 (23. Bd7 $11) 23... Ra7 (23... Ra3 $17 24. Rfb1 (24. Bxe7 Qa7 $15) 24... h6) 24. Rfb1 $11 Rxb3 25. axb3 Na3 26. Rc1 $36 {[%mdl 2048] White threatens Rc8+ and mate. White fights for an advantage.} Rc7 27. Bf1 Rxc1 28. Bxc1 b4 29. Bg5 Kf8 30. Kg2 Nb1 (30... Qc5 $11) 31. Qc4 $14 {Qc8+ would kill now.} Qb8 32. Qc6 Bf6 33. Be3 Kg7 34. Bd3 Nc3 35. Bb6 h5 36. Bc7 $2 {[%mdl 8192]} (36. h4 $14 {keeps the upper hand.}) 36... Qh8 $2 (36... Qa7 $19 {Strongly threatening ...Bd4.} 37. Ba6 Qe3) 37. h4 $1 $11 Qh6 38. f4 Bxh4 $1 39. Qc4 $2 {[%mdl 8192] [#]} (39. Bxd6 $1 $11 {and White stays safe.} exd6 40. Qxd6 Nxe4 41. Qe5+ (41. Bxe4 Bf6 $11) 41... Bf6 42. Qxe4) 39... Bf6 (39... Bxg3 $1 $19 {[%mdl 512] and Black stays clearly on top.} 40. Kxg3 h4+ 41. Kg2 (41. Kf3 $2 h3 $19) 41... Qxf4) 40. Qxb4 $2 {[%mdl 8192] [#]} (40. e5 $17 dxe5 41. d6 exd6 42. Bxd6) 40... h4 $1 $19 {[%cal Rh4g3] ...hxg3 is the strong threat.} 41. e5 {[#]} dxe5 $2 ({Black should play} 41... Bxe5 $1 $19 {[%mdl 512]} 42. Bb6 (42. fxe5 Qd2+) 42... Nxd5) 42. Qxc3 $15 e4 (42... exf4 {is more complex.} 43. Qc4 fxg3 44. Kh3 Qd2 45. Qc2 Qe3) 43. Be5 {The position is equal.} hxg3 {( -> ...Qh2+)} 44. Bxf6+ exf6 45. Kxg3 exd3 46. Qxd3 $11 {[%mdl 4096] Endgame KQ-KQ} g5 47. f5 Qh4+ 48. Kg2 Qg4+ 49. Kf2 Qf4+ 50. Ke2 Qd6 51. Qe4 Qh2+ 52. Kd3 Qg3+ 53. Kc4 Qc7+ 54. Kb4 Qd6+ 55. Kc3 Qc5+ 56. Kb2 Qf2+ 57. Ka3 Qa7+ 58. Kb2 Qf2+ {Accuracy: White = 46%, Black = 44%.} 1/2-1/2

[Event "Guimaraes Open 2019"]
[Site "Guimaraes"]
[Date "2019.08.31"]
[Round "6.11"]
[White "Tilicheev, Viacheslav"]
[Black "Sismeiro, Miguel"]
[Result "1/2-1/2"]
[WhiteElo "2482"]
[BlackElo "2054"]
[Annotator "TA"]
[PlyCount "151"]
[EventDate "2019.08.28"]
[EventType "swiss"]
[EventCountry "POR"]
[SourceTitle "playchess.com"]
[Source "ChessBase"]
[SourceQuality "1"]

{[%evp 17,151,16,25,21,33,46,62,61,64,31,38,32,31,21,21,27,26,16,15,15,23,22,33,32,50,31,31,31,32,32,48,31,31,31,31,31,31,31,31,31,31,34,36,17,27,17,17,17,17,17,34,34,34,27,27,27,27,27,27,27,34,34,34,34,34,34,34,34,34,34,34,27,34,23,34,34,34,34,34,34,34,0,34,34,34,0,0,0,0,0,8,8,16,16,17,9,14,0,0,0,0,-8,-8,-14,0,0,0,0,0,0,0,0,0,0,0,0,0,0,0,0,0,0,0,-59,0,0,0,2,2,0,0,0,0,-8,-8,-8]} 1. d4 Nf6 2. Nf3 g6 3. g3 Bg7 4. Bg2 d5 5. O-O O-O 6. c4 c6 7. Nbd2 Bf5 8. b3 Nbd7 9. Bb2 Ne4 10. Nh4 {D78: Fianchetto Grünfeld: 6 0-0 c6} (10. e3 Nxd2 11. Nxd2 Nf6 12. Qe2 Qd7 13. Rfc1 Rfc8 14. Nf3 Bg4 15. Qf1 Bxf3 16. Bxf3 e6 17. Qd3 Ne8 18. Rc2 Nd6 19. Rac1 Re8 20. Ba3 Bf8 {½-½ (20) Fridman,D (2633)-Rakhmanov,A (2629) St Petersburg 2018}) 10... Nxd2 11. Qxd2 Nf6 12. Nxf5 {White is slightly better.} gxf5 13. cxd5 cxd5 14. Rac1 $146 ({Predecessor:} 14. Rfc1 Qd7 15. Rc2 Rfc8 {½-½ (27) Ottstadt,R (2186)-Aulinger,R (2207) Germany 2002}) 14... Qd7 15. Rc2 Rfc8 16. Rfc1 e6 17. Qa5 Rxc2 18. Rxc2 Ne8 19. e3 Bf6 20. Bf1 Bd8 21. Qb4 {[#] Black must now prevent Ba3.} Nd6 22. Ba3 Be7 23. Qa5 b6 24. Qa6 Rc8 25. Bb5 Qd8 26. Rxc8 Qxc8 27. Qxc8+ Nxc8 $14 {[%mdl 4096] Endgame KBB-KBN} 28. Bb2 Nd6 29. Bd3 Kg7 30. h3 h5 31. Kg2 Ne4 32. f3 Nf6 33. Bc3 Bd6 34. b4 Bc7 35. Bb5 Kf8 36. Be1 Ne8 37. a4 Nd6 38. Bd3 Kg7 39. Kf2 Kf6 40. Ke2 Ke7 41. Kd2 Kf6 42. Kc3 Ke7 43. Kb3 Kf6 44. Be2 Kg6 45. Ba6 Kf6 46. Bd3 Kg7 47. Kb2 Kf6 48. Ka3 Ke7 49. Kb3 Kf6 50. Bf2 Kg7 51. g4 hxg4 52. hxg4 fxg4 53. fxg4 f5 54. gxf5 exf5 55. Bg3 Kf6 56. a5 Ke6 57. Bf4 bxa5 58. b5 Bd8 59. Be2 Bh4 60. Ka4 Bd8 61. Bh5 Nc4 62. Bg6 Nb2+ 63. Kb3 Nd3 64. Bb8 Bb6 65. Bh7 Nb4 66. Bg8+ Ke7 67. Bg3 Kf6 68. Bd6 Kg5 69. Be6 Kg4 70. Bf8 ({White should play} 70. Bxb4 $11 axb4 71. Bxd5) 70... Kg5 (70... Kf3 $15) 71. Kc3 {The position is equal.} Na2+ 72. Kd2 Nb4 73. Ke2 Kf6 74. Bg8 f4 75. exf4 Bxd4 76. Bxb4 {Accuracy: White = 60%, Black = 75%.} 1/2-1/2

[Event "Guimaraes Open 2019"]
[Site "Guimaraes"]
[Date "2019.08.31"]
[Round "6.12"]
[White "Campora, Daniel H."]
[Black "Redondo Arguelles, Graciela"]
[Result "1/2-1/2"]
[WhiteElo "2426"]
[BlackElo "2021"]
[Annotator "TA"]
[PlyCount "135"]
[EventDate "2019.08.28"]
[EventType "swiss"]
[EventCountry "POR"]
[SourceTitle "playchess.com"]
[Source "ChessBase"]
[SourceQuality "1"]

{[%evp 13,135,33,41,25,33,37,54,56,52,49,56,62,59,65,53,62,83,49,100,19,10,0,0,0,0,0,11,11,11,14,8,7,15,10,31,9,27,18,9,10,25,25,17,36,33,36,34,0,0,0,0,0,0,0,0,0,72,79,72,88,75,75,80,85,123,46,98,0,214,100,161,60,62,0,0,0,0,0,0,0,0,0,0,0,0,0,0,0,0,0,0,0,0,0,0,0,0,0,0,0,0,0,0,0,0,0,0,0,0,0,0,0,0,0,0,0,0,0,0,0,0,0,0,0]} 1. e4 e6 2. d4 d5 3. Nd2 c5 4. Ngf3 cxd4 5. exd5 Qxd5 6. Bc4 Qc5 7. O-O Nc6 8. Qe2 {C07: French Tarrasch: 3...c5, 4 Ngf3 and 4 exd5 Qxd5} Nf6 9. Nb3 ({Predecessor:} 9. Rd1 Be7 10. Nb3 Qb6 11. Nfxd4 Nxd4 12. Rxd4 {1-0 (26) Van Ginkel,P (2130)-Krauseneck,P (2084) Bayern 2012}) 9... Qb6 10. Rd1 {White is slightly better.} Bd7 $146 (10... Be7 11. Nbxd4 Nxd4 12. Nxd4 O-O 13. c3 a6 14. Bf4 Re8 15. Be5 Nd7 16. Bg3 Nf8 17. a4 Bd7 18. a5 Qc5 19. Nf3 Bb5 20. Bxb5 axb5 {1-0 (50) Gdanski,J (2488)-Hernandez Carmenates,H (2523) Brownsville 2016}) 11. Nfxd4 Nxd4 12. Rxd4 Be7 13. Be3 Qc7 14. Bf4 Qb6 15. Rad1 Rd8 (15... Bc6 $14) 16. c3 ({Better is} 16. Rd6 $16 Bc6 17. Rxd8+ Bxd8 18. Be3) 16... O-O $11 17. Bd6 Bxd6 18. Rxd6 Qc7 19. R6d2 Bc6 20. Nd4 Bd5 21. Bxd5 Rxd5 22. c4 Re5 23. Qd3 Rd8 24. h3 Rd7 25. b3 h6 26. Qc2 a6 27. Nf3 Rxd2 28. Qxd2 Rc5 29. Qd8+ Kh7 30. Qf8 Ne4 31. Rd4 Ng5 $1 32. Nxg5+ Rxg5 {[%mdl 4096] Endgame KQR-KQR} 33. Qd6 Qa5 34. Rd2 Rd5 (34... Qc3 $11 {keeps the balance.}) 35. Rxd5 $16 exd5 36. Qxd5 {KQ-KQ} Qe1+ 37. Kh2 Qxf2 38. Qxb7 Qxa2 {[#]} 39. Qe4+ ({Don't play} 39. Qxf7 $6 Qxb3 40. Qd5 a5 $11) ({White has to play} 39. c5 $1 $16) 39... g6 (39... Kh8 $14) 40. b4 (40. Qf3 $16 Kg8 41. Qc3) 40... Qa4 $2 (40... Qb2 $11 {and Black has nothing to worry.}) 41. Qe7 (41. c5 $18 {is the precise move to win.}) 41... Kg7 (41... Kg8 $16 {is a better defense.}) 42. Qd6 (42. Qe5+ $18 Kf8 43. c5) 42... h5 43. c5 ({White should try} 43. Qe5+ $14 Kf8 44. Qc5+ Ke8 45. Qc8+ Ke7 46. Qc5+ Ke8 47. Qc8+ Ke7 48. Qc7+ Ke6 49. Qb6+ Kf5 50. Qf2+ Ke6 51. Qe3+ Kd7 52. Qa7+ Ke6 53. Qb6+ Kf5 54. Qf2+ Ke6 55. Qe2+ Kf6 56. Qf2+ Ke6) 43... Qxb4 $11 {The position is equal.} 44. Qe5+ f6 45. Qe7+ Kh6 46. Qe3+ Kg7 47. Qe7+ Kh6 48. Qf8+ Kh7 49. Qd6 a5 50. Qd7+ Kh6 51. c6 Qf4+ 52. Kg1 Qe3+ 53. Kf1 Qf4+ 54. Ke2 {[#] Black must now prevent Qd2!} Qe4+ 55. Kd1 Qb1+ 56. Kd2 Qb2+ 57. Ke3 Qc3+ 58. Ke2 {Hoping for Qd2+.} Qe5+ 59. Kd1 {c7 is the strong threat.} Qa1+ 60. Kc2 {aiming for c7.} Qa4+ 61. Kc3 Qb4+ 62. Kd3 Qb3+ 63. Ke4 Qc4+ 64. Ke3 Qc3+ 65. Kf2 Qc5+ 66. Ke1 Qe3+ 67. Kd1 {Threatens to win with Qd2!} Qb3+ 68. Kc1 {Accuracy: White = 53%, Black = 68%.} 1/2-1/2

[Event "Guimaraes Open 2019"]
[Site "Guimaraes"]
[Date "2019.08.31"]
[Round "6.13"]
[White "Fernandes, Miguel A. Murtinho"]
[Black "Chueca Forcen, Alberto"]
[Result "0-1"]
[WhiteElo "2108"]
[BlackElo "2355"]
[Annotator "TA"]
[PlyCount "72"]
[EventDate "2019.08.28"]
[EventType "swiss"]
[EventCountry "POR"]
[SourceTitle "playchess.com"]
[Source "ChessBase"]
[SourceQuality "1"]

{[%evp 15,72,25,23,14,20,-11,-8,-6,15,-43,-42,-71,-77,-140,-139,-115,-126,-143,-121,-114,-116,-114,-113,-135,-58,-62,-63,-69,-62,-122,-122,-122,-107,-110,-124,-127,-122,-124,-117,-160,-153,-162,-122,-164,-167,-169,-152,-200,-195,-205,-164,-261,-261,-438,-408,-1653,-1520,-1450,-1404]} 1. d4 d5 2. c4 c6 3. Nc3 Nf6 4. Nf3 dxc4 5. a4 Bf5 6. Ne5 Nbd7 7. Nxc4 Nb6 8. Ne5 a5 9. f3 {D17: Slav Defence: 5 a4 Bf5: Lines with 6 Nh4 and 6 Ne5} (9. e3 Nfd7 10. Bd3 Bxd3 11. Nxd3 e6 12. O-O Be7 13. Qb3 O-O 14. e4 Ra6 15. Be3 Qb8 16. Rac1 Rd8 {1-0 (37) Giri,A (2782)-Aronian,L (2767) chess.com INT 2018}) 9... Nfd7 10. e4 Nxe5 11. exf5 {The position is equal.} Nec4 12. b3 (12. d5 $11) 12... Nd6 $15 13. Bd3 g6 14. O-O $146 (14. fxg6 $142 hxg6 15. O-O) ({Predecessor:} 14. fxg6 hxg6 15. Qc2 Bg7 16. Be3 Qd7 {½-½ (46) Sandhoefner,F (2267)-Groetz,H (2335) Austria 2018}) 14... Nxf5 $17 15. Bxf5 gxf5 16. Be3 Nd5 17. Nxd5 Qxd5 18. Rc1 e6 19. Re1 Bg7 ({Black should play} 19... Rg8 $17 20. Rc4 Bd6) 20. Rc5 $15 Qd7 $1 21. Qd2 O-O 22. Rxa5 ({White should try} 22. Rd1 $15) 22... Rxa5 $17 23. Qxa5 Bxd4 24. Bxd4 Qxd4+ $15 {[%mdl 4096] Endgame KQR-KQR} 25. Kh1 Rd8 26. Qc7 Rd7 27. Qg3+ Kf8 28. h3 h6 29. f4 Qg7 30. Qe3 Kg8 31. g4 fxg4 32. f5 {[#]} e5 $1 33. hxg4 (33. Qxe5 $142 Qxe5 34. Rxe5) 33... f6 $19 34. Qe2 $2 (34. Re2) 34... Rd4 35. Rd1 (35. Rg1 $142) 35... Rxg4 36. Qf2 Qg5 {Accuracy: White = 26%, Black = 74%.} 0-1